[Event "Bremen-ch"]
[Site "Bremen"]
[Date "2019.04.13"]
[Round "1.27"]
[White "Wellmann, Ewald"]
[Black "Rademacher, Uwe"]
[Result "1/2-1/2"]
[WhiteElo "1501"]
[BlackElo "1527"]
[PlyCount "33"]
[EventDate "2019.04.13"]
[EventType "swiss"]
[EventRounds "9"]
[EventCountry "GER"]
[SourceTitle "EXT 2020"]
[Source "ChessBase"]
[SourceDate "2019.10.17"]
[SourceVersion "1"]
[SourceVersionDate "2019.10.17"]
[SourceQuality "1"]

1. f4 d5 2. Nf3 Nf6 3. g3 Nc6 4. Bg2 Bf5 5. 0-0 e6 6. d3 Bc5+ 7. Kh1 Ng4 8. d4 Bb6 9. h3 Nf6 10. Nc3 Nb4 11. Ne1 Ne4 12. Nxe4 dxe4 13. c3 Nd5 14. c4 Nf6 15. c5 Bxc5 16. Qa4+ Qd7 17. Qxd7+ 1/2-1/2